000 00874nam a2200277Ia 4500
008
020 _a0805370188 (pbk. )
049 _aMAIN
090 _aQH317 PAL
100 1 _aPalladino, Michael Angelo.
245 1 0 _aInstructor's lab manual for biology labs on-line /
_cMichael A. Palladino, Robert Desharnais and Jeffrey Bell.
260 _aSan Francisco :
_bBenjamin Cummings,
_c2001.
300 _a160 p. ;
_c28 cm.
440 0 _aBiology labs on-line.
500 _aInstructor's version
650 0 _aBiology
_vLaboratory manuals.
650 0 _aBiology
_xExperiments
650 0 _aBiology
_xStudy and teaching
700 1 _aDesharnais, Robert Angelo.
700 1 _aBell, Jeffrey.
907 _a.b10222078
_b11-05-07
_c06-12-06
003
005 20230123134310.0
040 _cNUST
942 _cBOOKS
_kQH317 PAL
999 _c163484
_d163484